Guess the Taylor Swift's song by the Pre-Chorus #2 - Statistics

General Stats
  • This quiz has been taken 1,401 times
  • The average score is 12 of 15
Answer Stats
Hint Answer % Correct
" But one of these things is not like the others, like a rainbow with all of the colors, baby doll, when it comes to a lover, I promise that you'll never find another like "" 'Cause one of these things is not like the others, livin' in winter, I am your summer, baby doll, when it comes to a lover, I promise that you'll never find another like " ME! - Lover
98%
" But that was when I got to know Mr. "Change of heart" Mr. "Leaves me all alone," I fall apart, it takes everything in me just to get up each day, but it's wonderful to see that you're okay " Mr. Perfectly Fine - Fearless
94%
" Kiss me once 'cause you know I had a long night (Oh), kiss me twice 'cause it's gonna be alright (Uh), three times 'cause I waited my whole life (1, 2, 1, 2, 3, 4) " Paper Rings - Lover
93%
" And that's how it works, that's (... ... ... ... ....), and then, you say "" And that's how it works, that's how you lost the girl, and now, you say " How You Get The Girl - 1989
92%
" "X" marks the spot where we fell apart, he poisoned the well, I was lyin' to myself, I knew it from the first Old Fashioned, we were cursed, we never had a shotgun shot in the dark (Oh!) " Getaway Car - reputation
91%
" And I should just tell you to leave, 'cause I, know exactly where it leads, but I, watch us go 'round and 'round each time "" He says, "What you heard is true, but I, can't stop thinking 'bout you and I", I said, "I've been there too a few times" " Style - 1989
86%
" For you, I would cross the line, I would waste my time, I would lose my mind, they say, "She's gone too far this time" "" And baby, for you, I would (I would) fall from grace, just to (Just to) touch your face, of you (If you) walk away, I'd beg you on my knees to stay " Don't Balme Me - reputation
85%
" And he's long gone when he's next to me, and I realize the blame is on me "" He was long gone when he met me, and I realize the joke is on me, yeah " I Knew You Were Trouble (Taylor’s Version) - Red (Taylor's Version)
84%
" Oh, a simple complication, miscommunications lead to fallout, so many things that I wish you knew, so many walls up, I can't break through "" Oh, I'm scared to see the ending, why are we pretending this is nothing? I'd tell you I miss you, but I don't know how, I've never heard silence quite this loud " " So many things that you wish I knew, but (... ..... .. ..) might be ending soon " The Story Of Us - Speak Now
81%
" I say, "Can you believe it?", as we're lying on the couch, the moment, I could see it, yes, yes, I can see it now "" But we got bills to pay, we got nothing figured out, when it was hard to take, yes, yes, this is what I thought about: " Mine - Speak Now
75%
" Well you can take me down, with just one single blow, but you don't know what you don't know "" I bet you got pushed around, somebody made you cold, but the cycle ends right now, 'cause you can't lead me down that road, and you don't know what you don't know " Mean - Speak Now
73%
" Every time you call me crazy, I get more crazy, what about that? And when you say I seem angry, I get more angry " mad woman - folklore
67%
" So you were never a saint, and I've loved in shades of wrong, we learn to live with the pain, mosaic broken hearts, but this love is brave and wild " State of Grace (Taylor's Version) - Red (Taylor's Version)
49%
" And the old widow goes to the stone every day, but I don't, I just sit here and wait, grieving for the living " ivy - evermore
48%
" But now you're so far away and I'm down, feelin' like a face in the crowd, I'm reachin' for you, terrified "" 'Cause now you're so far away and I'm down, feelin' like a face in the crowd, I'm reachin' for you, terrified, 'cause " Message In A Bottle (Taylor’s Version) [From The Vault] - Red (Taylor's Version)
44%
No matching quizzes found
Score Distribution
Percent of People with Each Score
Percentile by Number Answered
Your Score History
You have not taken this quiz